000
00313nam a22001457a 4500
008
221014b ||||| |||| 00| 0 eng d
020
_a
9780538444453
041
_a
eng
080
_a
721
082
_a
721
100
_a
20.2
101
_a
nder
245
_a
ethics in the workplace
_c
gore k
942
_2
udc
_c
BK
999
_c
58580
_d
58580